000 00642naa a2200229 i 4500
001 94932
003 ES-MaBCM
005 20241016130153.0
008 040119s2004 esp 000 0 spa d
021 _axx
035 _a(OCoLC)926309337
040 _cES-MaBCM
041 0 _aspa
043 _aesp
100 1 _aMoisi, Dominique
_931663
245 1 0 _aReinventar occidente
_cDominique Moisi
650 2 7 _aRelación internacional
_960079
651 2 4 _aEstados Unidos
_9115376
651 2 4 _aEuropa
_9115402
773 0 _aEn:
_tPolítica exterior
_dMadrid : 2003
_w104608
_gvol. XVII, n. 97, en.-feb., p. 67-82. - Loc. S.370
942 _cAREV
999 _c94932
_d94932